| 000 | 00366nam a2200157Ia 4500 | ||
|---|---|---|---|
| 003 | 0STCL | ||
| 008 | 150530s9999 xx 000 0 und d | ||
| 040 |
_aSTCL _cSTCL |
||
| 100 | _aRajiv Mathur; Ed | ||
| 245 | _aIndian Journal of Experimental Biology 2003 | ||
| 260 | _c2003 | ||
| 546 | _aEnglish | ||
| 942 |
_2ddc _cBK |
||
| 999 |
_c21103 _d21103 |
||
| 005 | 20220125165913.0 | ||